Fundamentals of investment management. / (Record no. 7067)

MARC details
000 -LEADER
fixed length control field 01706nam a22001817a 4500
008 - FIXED-LENGTH DATA ELEMENTS--GENERAL INFORMATION
fixed length control field 200205b xxu||||| |||| 00| 0 eng d
020 ## - INTERNATIONAL STANDARD BOOK NUMBER
International Standard Book Number 9780071315524
050 ## - LIBRARY OF CONGRESS CALL NUMBER
Classification number HG4521.H579(10e)
100 ## - MAIN ENTRY--PERSONAL NAME
Personal name Hirt, Geoffrey A.
245 ## - TITLE STATEMENT
Title Fundamentals of investment management. /
Statement of responsibility, etc. Geoffrey A. Hirt and Stanley B. Block.
250 ## - EDITION STATEMENT
Edition statement 10th ed.
260 ## - PUBLICATION, DISTRIBUTION, ETC.
Place of publication, distribution, etc. New York :
Name of publisher, distributor, etc. McGraw-Hill/ Irwin,
Date of publication, distribution, etc. 2012.
300 ## - PHYSICAL DESCRIPTION
Extent xxxi, 656 p. :
Other physical details ill. ;
Dimensions 28 cm.
500 ## - GENERAL NOTE
General note Includes appendices and index.
505 ## - FORMATTED CONTENTS NOTE
Formatted contents note Contents: Part one: Introduction to investments: The investment setting -- Security markets -- Participating in the market -- Investment companies: mutual funds, exchange-traded funds, Closed-end funds, and unit investment trusts -- Part two: Analysis and valuation of equity securities: Economic activity -- Industry analysis -- Valuation of the individual firm -- Financial statement analysis -- Part three: Issues in efficient markets: Efficient markets and anomalies -- Behavioural finance and technical analysis -- Part four: Fixed-income and leveraged securities: Bond and fixed-income fundamentals -- Principles of bond valuation and investment -- Convertible securities and warrants -- Part five: Derivative products: Put and call options -- Commodities and financial futures -- Stock index future and options -- Part six: Broadening the investment perspective: A basic look at portfolio management and capital market theory -- Duration and bond Portfolio management -- International securities markets -- Investments in real assets -- Alternative investments: private equity and hedge funds -- Measuring risks and returns of portfolio managers.
700 ## - ADDED ENTRY--PERSONAL NAME
Personal name Block, Stanley B.
942 ## - ADDED ENTRY ELEMENTS (KOHA)
Source of classification or shelving scheme Library of Congress Classification
Koha item type Books
Holdings
Withdrawn status Lost status Source of classification or shelving scheme Damaged status Not for loan Home library Current library Shelving location Date acquired Total Checkouts Full call number Barcode Date last seen Price effective from Koha item type Source of acquisition
    Library of Congress Classification     WISCONSIN INTERNATIONAL UNIVERSITY COLLEGE, GHANA - MAIN LIBRARY WISCONSIN INTERNATIONAL UNIVERSITY COLLEGE, GHANA - MAIN LIBRARY   05/02/2020   HG4521.H579(10e) 8574/026/20 05/02/2020 05/02/2020 Books  
    Library of Congress Classification     WISCONSIN INTERNATIONAL UNIVERSITY COLLEGE, GHANA KUMASI LIBRARY WISCONSIN INTERNATIONAL UNIVERSITY COLLEGE, GHANA KUMASI LIBRARY General Stacks 23/10/2019   HG4521.H57(10e) K/389/389/19 08/02/2022 05/02/2020 Books WIUC

If you have any concerns or questions; kindly contact the library


© Powered by WIUC ICT DIRECTORATE